| 000 | 00710cam a2200193 i 4500 | ||
|---|---|---|---|
| 020 | _a0042970334 : | ||
| 082 | 0 | 0 |
_a297.82 _bTAB _cL-31,P-113 |
| 100 | 1 |
_aṬabāṭabāʾī, Muḥammad Ḥusayn. _937517 |
|
| 245 | 1 | 0 |
_aShiite Islam / _cMuḥammad Ḥusayn Ṭabāṭabāʾī ; translated from the Persian and edited with an introduction and notes by Seyyed Hossein Nasr. |
| 260 |
_aLondon : _bAllen and Unwin, _c1975. |
||
| 300 |
_axiv, 253 p. : _bport. ; _c24 cm. |
||
| 490 | 0 | _aPersian studies series ; | |
| 500 | _aIncludes index. | ||
| 500 | _aTranslation of Shīʻah dar Islām. | ||
| 526 |
_a0 _b0 _c0 _d297_820000000000000_TAB |
||
| 650 | 0 |
_aMCE _9379 |
|
| 650 | 0 |
_aShīʻah. _937518 |
|
| 942 |
_2ddc _cBK |
||
| 999 |
_c542381 _d542381 |
||